[Event "GBR-ch U14 106th"]
[Site "Torquay"]
[Date "2019.08.01"]
[Round "5"]
[White "Pilton Brandes, Bentley James"]
[Black "Abdalla, Suhayl"]
[Result "1-0"]
[WhiteElo "1270"]
[BlackElo "1158"]
[PlyCount "87"]
[EventDate "2019.07.28"]
[EventType "swiss"]
[EventRounds "7"]
[EventCountry "ENG"]
[SourceTitle "EXT 2020"]
[Source "ChessBase"]
[SourceDate "2019.10.17"]
[SourceVersion "1"]
[SourceVersionDate "2019.10.17"]
[SourceQuality "1"]

1. d4 Nf6 2. Bf4 Nd5 3. Bg3 Nc6 4. Nf3 d6 5. e3 Bf5 6. Nbd2 Bg4 7. c3 Qd7 8. Bd3 g6 9. Qc2 0-0-0 10. h3 Bf5 11. e4 Ndb4 12. cxb4 Nxb4 13. Qb3 Nxd3+ 14. Qxd3 Be6 15. d5 Bxd5 16. Qxd5 f5 17. exf5 gxf5 18. 0-0 Bg7 19. Rab1 e5 20. Bh2 Bf6 21. b3 Rhg8 22. Kh1 e4 23. Ne1 Rge8 24. Bf4 Be5 25. Bg5 c6 26. Qc4 d5 27. Qe2 Bc7 28. Bxd8 Qxd8 29. Rd1 Qd6 30. g3 Rg8 31. Rg1 f4 32. Nf1 Bb6 33. gxf4 Rxg1+ 34. Kxg1 d4 35. Qxe4 Qd7 36. Kh2 h5 37. Rd3 c5 38. Nc2 Qb5 39. Nd2 Qd7 40. Nc4 Bd8 41. Nxd4 cxd4 42. Rxd4 Qc7 43. Nd6+ Kd7 44. Qe8# 1-0

[Event "GBR-ch U14 106th"]
[Site "Torquay"]
[Date "2019.07.31"]
[Round "4"]
[White "Bracey, Benjamin"]
[Black "Abdalla, Suhayl"]
[Result "1-0"]
[WhiteElo "1180"]
[BlackElo "1158"]
[PlyCount "85"]
[EventDate "2019.07.28"]
[EventType "swiss"]
[EventRounds "7"]
[EventCountry "ENG"]
[SourceTitle "EXT 2020"]
[Source "ChessBase"]
[SourceDate "2019.10.17"]
[SourceVersion "1"]
[SourceVersionDate "2019.10.17"]
[SourceQuality "1"]

1. e4 e5 2. Nf3 Nc6 3. d4 d6 4. dxe5 dxe5 5. Qxd8+ Nxd8 6. Nxe5 Nf6 7. Nc3 Bb4 8. f3 0-0 9. Bd2 Be6 10. 0-0-0 Bxc3 11. Bxc3 Bxa2 12. b3 Bxb3 13. cxb3 Ne6 14. Nd7 Nxd7 15. Rxd7 Rad8 16. Rxd8 Rxd8 17. Bc4 Nf4 18. g3 Nd3+ 19. Bxd3 Rxd3 20. Kc2 Rxf3 21. Rd1 f5 22. exf5 Rxf5 23. Rd8+ Kf7 24. Rd7+ Kg6 25. Rxg7+ Kh6 26. Rxc7 Rf2+ 27. Bd2+ Kg6 28. Rxb7 Rxh2 29. Rxa7 Rg2 30. Ra8 Rxg3 31. Rg8+ Kf5 32. Rxg3 h5 33. Rg5+ Ke6 34. Rxh5 Kd7 35. Rh6 Kc8 36. Rh7 Kb8 37. Kc3 Ka8 38. Kd4 Kb8 39. Kd5 Ka8 40. Kd6 Kb8 41. Kc6 Ka8 42. Kb6 Kb8 43. Rh8# 1-0

[Event "GBR-ch U14 106th"]
[Site "Torquay"]
[Date "2019.07.30"]
[Round "3"]
[White "Abdalla, Suhayl"]
[Black "Orgler, Lukas H"]
[Result "0-1"]
[WhiteElo "1158"]
[BlackElo "1541"]
[PlyCount "64"]
[EventDate "2019.07.28"]
[EventType "swiss"]
[EventRounds "7"]
[EventCountry "ENG"]
[SourceTitle "EXT 2020"]
[Source "ChessBase"]
[SourceDate "2019.10.17"]
[SourceVersion "1"]
[SourceVersionDate "2019.10.17"]
[SourceQuality "1"]

1. e4 b6 2. Nf3 Bb7 3. Nc3 e6 4. Bc4 Bb4 5. e5 d5 6. Bb5+ Nd7 7. Nd4 Ne7 8. 0-0 c6 9. Ba4 Nxe5 10. Nxe6 fxe6 11. Qh5+ N7g6 12. d4 Nd7 13. Ne2 Nf6 14. Qh3 Qd7 15. c3 Bd6 16. Bc2 0-0-0 17. Bg5 Rdf8 18. f4 Ba6 19. Rae1 Kb8 20. f5 exf5 21. Bxf5 Qc7 22. Rf2 Bc8 23. Ref1 Bxf5 24. Rxf5 Ne4 25. Nf4 Nxg5 26. Rxg5 Nxf4 27. Qg4 Ng6 28. Rxf8+ Rxf8 29. g3 Qf7 30. Qh3 Qf2+ 31. Kh1 Qe1+ 32. Kg2 Rf2# 0-1

[Event "GBR-ch U14 106th"]
[Site "Torquay"]
[Date "2019.07.29"]
[Round "2"]
[White "Hussain, Adam"]
[Black "Abdalla, Suhayl"]
[Result "1-0"]
[WhiteElo "1515"]
[BlackElo "1158"]
[PlyCount "103"]
[EventDate "2019.07.28"]
[EventType "swiss"]
[EventRounds "7"]
[EventCountry "ENG"]
[SourceTitle "EXT 2020"]
[Source "ChessBase"]
[SourceDate "2019.10.17"]
[SourceVersion "1"]
[SourceVersionDate "2019.10.17"]
[SourceQuality "1"]

1. e4 e5 2. Nf3 Nc6 3. Bc4 Nf6 4. 0-0 Nxe4 5. d4 d5 6. Bb5 Bd7 7. Re1 Nxd4 8. Bxd7+ Qxd7 9. Nxd4 exd4 10. f3 0-0-0 11. fxe4 dxe4 12. Rxe4 Bb4 13. Nd2 Rhe8 14. Qe2 Bc5 15. Qd3 Rxe4 16. Nxe4 Bd6 17. b3 f5 18. Nxd6+ Qxd6 19. Qxf5+ Kb8 20. Bf4 Qe7 21. Bg5 Qf8 22. Qxf8 Rxf8 23. Rd1 c5 24. Be7 Rc8 25. c3 Rc7 26. Bd6 dxc3 27. Rc1 Kc8 28. Bxc7 Kxc7 29. Rxc3 Kc6 30. b4 b6 31. bxc5 bxc5 32. Rh3 Kb5 33. Rxh7 Kc4 34. Rxg7 Kc3 35. Rxa7 Kb2 36. a4 c4 37. a5 c3 38. Rc7 Kb3 39. a6 Kc2 40. a7 Kd3 41. a8R Kc2 42. Kf2 Kd3 43. Ra3 Kd4 44. Rcxc3 Kd5 45. Ra1 Kd4 46. Rc8 Ke4 47. Rd8 Kf4 48. Re1 Kg4 49. Rg8+ Kh5 50. Re7 Kh6 51. h3 Kh5 52. Rh7# 1-0